Asia Pacific real estate investment market bulletin (Record no. 110012)

MARC details
000 -LEADER
fixed length control field 01559cad a22002415a 4500
001 - CONTROL NUMBER
control field E148343
008 - FIXED-LENGTH DATA ELEMENTS--GENERAL INFORMATION
fixed length control field 090907s2009 xxkd f s 000 0 eng d
035 ## - SYSTEM CONTROL NUMBER
System control number (Sirsi) u148343
041 0# - LANGUAGE CODE
Language code of text/sound track or separate title eng
050 04 - LIBRARY OF CONGRESS CALL NUMBER
Classification number 333.337 $2 18
110 2# - MAIN ENTRY--CORPORATE NAME
Corporate name or jurisdiction name as entry element Colliers International Property Consultants
9 (RLIN) 1881
245 00 - TITLE STATEMENT
Title Asia Pacific real estate investment market bulletin
Remainder of title 2009
Medium [electronic resource]
260 ## - PUBLICATION, DISTRIBUTION, ETC.
Place of publication, distribution, etc. [S.l.]
Name of publisher, distributor, etc. Colliers
Date of publication, distribution, etc. 2009
490 #0 - SERIES STATEMENT
Series statement Colliers Asia Pacific Real Estate Investment Market Bulletin
Volume/sequential designation Second Quarter 2009
505 2# - FORMATTED CONTENTS NOTE
Formatted contents note Regional Overview -- Greater China: Beijing, China; Chengdu, China; Guangzhou, China; Shanghai, China; Hong Kong SAR, China; Taipei, Taiwan -- North Asia: Tokyo, Japan; Seoul, South Korea -- South Asia: Jakarta, Indonesia; Manila, Philippines; Singapore; Bangkok, Thailand; Ho Chi Minh City, Vietnam -- India -- Australasia: Adelaide, Australia; Brisbane, Australia; Canberra, Australia; Melbourne, Australia; Perth, Australia; Sydney, Australia; Auckland, New Zealand; Wellington, New Zealand
520 ## - SUMMARY, ETC.
Summary, etc. Reports that the actions of central banks have eased the effects of the recession in the region, and investment sentiment has improved. Activity was concentrated in the office and residential sectors. Tables
590 ## - LOCAL NOTE (RLIN)
Local note KA
650 24 - SUBJECT ADDED ENTRY--TOPICAL TERM
Topical term or geographic name entry element COLLIERS ASIA PACIFIC REAL ESTATE INVESTMENT MARKET BULLETIN
651 #4 - SUBJECT ADDED ENTRY--GEOGRAPHIC NAME
Geographic name Asia Pacific
690 ## - LOCAL SUBJECT ADDED ENTRY--TOPICAL TERM (OCLC, RLIN)
Topical term or geographic name as entry element PROPERTY-COMMERCIAL PROPERTY-COMMERCIAL PROPERTY MARKET
856 40 - ELECTRONIC LOCATION AND ACCESS
Uniform Resource Identifier <a href="https://www.colliers.com">https://www.colliers.com</a>
Public note View the report free of charge at www.colliers.com...
942 ## - ADDED ENTRY ELEMENTS (KOHA)
Suppress in OPAC 0
Holdings
Withdrawn status Lost status Source of classification or shelving scheme Damaged status Not for loan Home library Current library Shelving location Date acquired Total Checkouts Full call number Barcode Date last seen Copy number Price effective from Koha item type
    Dewey Decimal Classification     Virtual Virtual Online 07/09/2009   ONLINE PUBLICATION 148343-2001 06/08/2019 1 06/08/2019 Book